عوامی شاعراور اس کا فن ;; awami shaaraur is ka fan / (Record no. 86504)
[ view plain ]
| 000 -LEADER | |
|---|---|
| fixed length control field | 00619nam a2200205 4500 |
| 001 - CONTROL NUMBER | |
| control field | 86504 |
| 003 - CONTROL NUMBER IDENTIFIER | |
| rucl marc code | BD-RjUL |
| 005 - DATE AND TIME OF LATEST TRANSACTION | |
| control field | 20260518123037.0 |
| 008 - FIXED-LENGTH DATA ELEMENTS--GENERAL INFORMATION | |
| fixed length control field | 260518s1959 pk ||||| |||| 00| 0 urd d |
| 035 ## - SYSTEM CONTROL NUMBER | |
| System control number | (BD-RjUL)86504 |
| 040 ## - CATALOGING SOURCE | |
| Original cataloging agency | BD-RjUL |
| Language of cataloging | eng |
| Transcribing agency | BD-RjUL |
| 041 ## - LANGUAGE CODE | |
| Language code of text/sound track or separate title | urd |
| 082 ## - DEWEY DECIMAL CLASSIFICATION NUMBER | |
| Edition number | 23 |
| Classification number | 891.439109 |
| Author mark and year | HAA 1959 |
| 100 ## - MAIN ENTRY--PERSONAL NAME | |
| Personal name | حارث، سجاد ;; Haris, Sajjad |
| 9 (RLIN) | 18515 |
| 245 ## - TITLE STATEMENT | |
| Title | عوامی شاعراور اس کا فن ;; awami shaaraur is ka fan / |
| Statement of responsibility, etc. | سجاد حارث ;; Sajjad Haris |
| 260 ## - PUBLICATION, DISTRIBUTION, ETC. (IMPRINT) | |
| Place of publication, distribution, etc. | Lahor : |
| Name of publisher, distributor, etc. | Maqbul akademy, |
| Date of publication, distribution, etc. | 1959 |
| 300 ## - PHYSICAL DESCRIPTION | |
| Pagination | 304 p; |
| Size | 17 cm |
| 650 ## - SUBJECT ADDED ENTRY--TOPICAL TERM | |
| Topical term or geographic name as entry element | Literature |
| 942 ## - ADDED ENTRY ELEMENTS (KOHA) | |
| Source of classification or shelving scheme | Dewey Decimal Classification |
| Koha item type | Books |
| Lost status | Source of classification or shelving scheme | Damaged status | Not for loan | Collection code | Permanent Location | Current Location | Shelving location | Date acquired | Source of acquisition | Cost, normal purchase price | Total Checkouts | Full call number | Date last seen | Copy number | Koha item type |
|---|---|---|---|---|---|---|---|---|---|---|---|---|---|---|---|
| Dewey Decimal Classification | Not For Loan | Non-fiction | Central Library, University of Rajshahi | Central Library, University of Rajshahi | Reading Room | 08/10/1971 | Sh. Mubarak Ali | 4.00 | U 891.439109 HAA 1959 | 18/05/2026 | C-1 | Books |